00760nam a2200241Ia 450000500170000000800410001702000180005810000270007624500290010325000180013230000250015049000200017565000360019565000400023165000370027165000430030826400330035133600270038433700330041133800280044404000350047208400110050720220317001418.0161108s2011 ck g 000 0 spa  a97895888204841 aAllende, Isabeld1942-10aEva LunacIsabel Allende a2a. edición a286 páginasc18 cm aContemporánea142LEMBaNovela chilena ySiglo XX142LEMBaLiteratura chilena ySiglo XX142LEMB aMujeres en la literatura 142LEMBaVida cotidiana en la literatura  aBogotábDebolsilloc[2011] atextobtxt2rdacontent asin mediaciónbn2rdamedia avolumenbnc2rdacarrier aCO-BoRNBPbspaerdacCO-BoRNBP aN ALL2